000 00661nam a22001937i 4500
001 6142
003 OSt
005 20181107143807.0
007 tu
008 161220s1995 xxu||||| |||| 00| 0 d
024 7 _a6142
_2RID
024 7 _a6142
_2RSN (alt)
040 _cOSt
100 1 _aAlthalter, Karl S.
245 0 0 _aDie Geburt der Weltwirtschaft?
_bDeterminanten der globalen k̲onomischen Entwicklung
260 _aWien :
_bBeirat für gesellschafts-, wirtschafts- und umweltpolitische Alternativen (BEIGEWUM),
_c1995.
490 _aKurswechsel. Zeitschrift für gesellschafts-, wirtschafts- und umweltpolitische Alternativen
_v3/1995
_x1016-8419
942 _cP
999 _c5781
_d5781